Music Quiz

Random Music or Artist Quiz

Album Covers by Description Quiz Stats

 Plays Quiz Updated Oct 18, 2018

Also try: Album Covers
Challenge
Share
Tweet
Embed
Score 0/15 Timer 05:00
6 Plays Today
Description Album Name % Correct
Four men strolling on a crosswalk on an empty road in London.Abbey Road
94.5%
A naked baby swimming after a bill.Nevermind
70%
A bleeding white hand holds up a heart-shaped hand grenade.American Idiot
58.9%
The burning Hindenburg airship.Led Zeppelin
49.8%
Four geeks stand in front of a blue background.Weezer
46.5%
A punk smashes his bass guitar on-stage.London Calling
34.9%
Two hands hold puppet strings attached to a field of gravestones.Master of Puppets
34.6%
Four men have finished peeing on an unusual monolith in the middle of nowhere.Who's Next
23.3%
Description Album Name % Correct
A banana. That's it.The Velvet Underground and Nico
21.3%
Cupid rests with a cigarette in one hand.1984
14%
A cow in a green field stares at you.Atom Heart Mother
13.9%
Two men, one with a clock around his neck, stand behind bars. It Takes a Nation of Millions to Hold Us Back
10.1%
A blurred man with a helmet is rushing at you with a sword in one hand.Paranoid
9.6%
A candle burning in front of a black and grey background.Daydream Nation
7.4%
The band members' faces are drawn over in red.Remain in Light
5.1%

You're not logged in!

Compare scores with friends on all Sporcle quizzes.
OR
Log In

You Might Also Like...

Show Comments

Extras

Top Quizzes Today


Score Distribution

Your Account Isn't Verified!

In order to create a playlist on Sporcle, you need to verify the email address you used during registration. Go to your Sporcle Settings to finish the process.

Report this User

Report this user for behavior that violates our Community Guidelines.

Details: